000 00812nam a22002057a 4500
999 _c18013
_d18013
003 AR-CdUCM
008 190511b ||||| |||| 00| 0 spa d
040 _aMUNICIPALIDAD PROVINCIAL DEL CUSCO
_cBIBLIOTECA MUNICIPAL DEL CUSCO
082 _a512.2 /
_bA37
100 _aAlexandroff, P. S.
_938336
245 _aIntroducción a la teoría de grupos /
260 _aBuenos Aires :
_bEudeba,
_c1965.
300 _a152 páginas ;
_c20 cm.
505 _aContenido: El concepto de grupo -- Grupo de sustituciones -- Propiedades generales de los grupos -- Subgrupos cíclicos de un grupo dado -- Grupo de movimientos ...
650 _aTeoría de los grupos
_938337
650 _aProblemas, ejercicios
_919962
700 _aQuastler, Juana Elena (traductor)
_938338
942 _2ddc
_cLIBROS
945 _aacv
_d2019-05-11